Top 20 UK Baby Names 1904 - Statistics

General Stats
  • This quiz has been taken 480 times
  • The average score is 27 of 40
Answer Stats
# First Letter Boys % Correct
1 W William
96%
2 J John
94%
1 M Mary
93%
3 G George
92%
6 J James
92%
18 H Harry
91%
17 H Henry
90%
4 T Thomas
88%
9 E Elizabeth
84%
12 E Edward
83%
7 C Charles
78%
15 R Robert
78%
6 A Annie
76%
7 M Margaret
76%
8 F Frederick
74%
5 A Arthur
72%
16 F Frank
71%
2 F Florence
70%
9 A Albert
69%
5 D Dorothy
68%
3 D Doris
63%
4 E Edith
63%
13 J Joseph
63%
19 W Walter
63%
11 A Alfred
60%
8 A Alice
59%
16 I Ivy
59%
15 L Lillian
59%
20 L Lily
59%
17 V Violet
59%
14 H Harold
55%
13 E Ethel
53%
19 E Ellen
52%
12 W Winifred
50%
10 E Elsie
48%
11 G Gladys
47%
18 K Kathleen
44%
10 E Ernest
39%
14 H Hilda
36%
20 R Reginald
29%
No matching quizzes found
Score Distribution
Percent of People with Each Score
Percentile by Number Answered
Your Score History
You have not taken this quiz